|
|
|
|
| LEADER |
01254nam a2200337Ia 4500 |
| 001 |
EBC3039628 |
| 003 |
MiAaPQ |
| 005 |
20200520144314.0 |
| 006 |
m o d | |
| 007 |
cr cn||||||||| |
| 008 |
980612s1997 ja a sb 000 0 eng d |
| 020 |
|
|
|z 9280809342
|
| 020 |
|
|
|z 9789280809343
|
| 035 |
|
|
|a (MiAaPQ)EBC3039628
|
| 035 |
|
|
|a (Au-PeEL)EBL3039628
|
| 035 |
|
|
|a (CaPaEBR)ebr10605357
|
| 035 |
|
|
|a (OCoLC)923703740
|
| 040 |
|
|
|a MiAaPQ
|c MiAaPQ
|d MiAaPQ
|
| 050 |
|
4 |
|a HC241.2
|b .N486 1997
|
| 245 |
0 |
2 |
|a A new Europe in the changing global system
|h [electronic resource] /
|c edited by Richard Falk and Tamas Szentes.
|
| 260 |
|
|
|a Tokyo ;
|a New York :
|b United Nations University Press,
|c c1997.
|
| 300 |
|
|
|a viii, 253 p. :
|b ill.
|
| 504 |
|
|
|a Includes bibliographical references.
|
| 533 |
|
|
|a Electronic reproduction. Ann Arbor, MI : ProQuest, 2015. Available via World Wide Web. Access may be limited to ProQuest affiliated libraries.
|
| 650 |
|
0 |
|a Globalization
|z Europe.
|
| 651 |
|
0 |
|a European Union countries.
|
| 655 |
|
4 |
|a Electronic books.
|
| 700 |
1 |
|
|a Falk, Richard A.
|
| 700 |
1 |
|
|a Szentes, Tamas.
|
| 710 |
2 |
|
|a ProQuest (Firm)
|
| 856 |
4 |
0 |
|u https://ebookcentral.proquest.com/lib/matrademy/detail.action?docID=3039628
|z Click to View
|